Il Giubileo della famiglia (Record no. 227227)

MARC details
000 -LEADER
campo di controllo lung. fissa 00857nas a2200253Ia 4500
001 - Numero di controllo
campo di controllo A10/R172-31802
003 - Identificatore del numero di controllo
campo di controllo IT-MiCISF
005 - Data e orario dell'ultima transazione
campo di controllo 20240329113511.0
008 - Elementi di lunghezza fissa--Informazione generale
campo di controllo lung. fissa 161014c99999999xx |||||||||||| ||und||
040 ## - Fonte della catalogazione
Agenzia catalografica originale IT-MiCISF
Agenzia che fa la trascrizione IT-MiCISF
041 ## - Codice di lingua
Codice di lingua del testo/traccia sonora o titolo separato ITALIANO
100 ## - Accesso principale -- nome di persona
Nome di persona Lopez Trujillo Alfonso
9 (RLIN) 60593
210 ## - Titolo abbreviato
Titolo abbreviato Vita pastorale
245 #0 - Formulazione del titolo
Titolo Il Giubileo della famiglia
250 ## - Formulazione di edizione
Formulazione di edizione "Vita pastorale", n. 10, ottobre
260 ## - Pubblicazione, distribuzione, ecc. (stampa)
Data di pubblicazione, distribuzione, ecc. 2000
300 ## - Descrizione fisica
Estensione pp. 101-139
500 ## - Nota generale
Nota generale pastorale-familiare, spiritualità-familiare, chiesa-locale
650 ## - Accesso aggiunto di soggetto--termine topico
Termine topico o nome geografico come accesso Pastorale-familiare
654 ## - Accesso aggiunto di soggetto--termini topici faccettati
Termine principale dossier
700 ## - Accesso aggiunto--nome di persona
Nome di persona Lora M., Dianin G., Di Nicola G.P., Danese A., Todaro F., Belletti F., Anfossi G., Zattoni M., Gillini G., Nervo G.,
-- Giachetti P., Fouad Allam K., Salachas D., Mocellin G., Beffa C.
9 (RLIN) 60594
942 ## - Dati aggiuntivi (Koha)
Tipo copia default (Koha) RIVISTA
Fonte della classificazione o dello schema di collocazione (segnatura) Dewey Decimal Classification
999 ## - Sys Number locale (Koha)
Koha Dewey Subclass [OBSOLETE] Si
Holdings
Ritirato (status) Perso (status) Danneggiato (status) Non per il presito Biblioteca proprietaria Biblioteca in cui si trova Data d'acquisizione Totale prestiti Collocazione Data ultima operazione Prezzo in vigore dal Tipo copia default (Koha) Nota pubblica
    Buone Condizioni Not For Loan CISF - Milano CISF - Milano 14/10/2016   A10/R172-31802 14/10/2016 14/10/2016 RIVISTA Data import 15.10.2016 / by Epidotti, Vaglietti
CREDITS: SOCIETA' SAN PAOLO Via A.Severo, 58 - ROMA (RM) & PERIODICI SAN PAOLO SRL Via Giotto, 36 MILANO & CISF Via Giotto, 36 MILANO & EDIZIONI SAN PAOLO SRL,  Piazza Soncino, 5 CINISELLO BALSAMO (MI) -- ITALY